Historia, teoría y técnica ornamental y decorativa de Egipto / (Record no. 21249)

MARC details
000 -LEADER
campo de control de longitud fija 00576nam a2200193 i 4500
001 - NÚMERO DE CONTROL
campo de control 21249
003 - IDENTIFICADOR DE NÚMERO DE CONTROL
campo de control ES-MaACL
005 - FECHA Y HORA DE LA ÚLTIMA TRANSACCIÓN
campo de control 20250812014739.0
007 - CAMPO FIJO DE DESCRIPCIÓN FÍSICA--INFORMACIÓN GENERAL
campo de control de longitud fija t|
008 - DATOS DE LONGITUD FIJA--INFORMACIÓN GENERAL
campo de control de longitud fija 021122s1908 sp af ||||1| spa d
080 ## - NÚMERO DE LA CLASIFICACIÓN DECIMAL UNIVERSAL
Número de la Clasificación Decimal Universal 7.032(32)
100 1# - ENTRADA PRINCIPAL--NOMBRE DE PERSONA
Nombre de persona Agrasot, Ricardo.
9 (RLIN) 18589
245 10 - MENCIÓN DEL TÍTULO
Título Historia, teoría y técnica ornamental y decorativa de Egipto /
Mención de responsabilidad, etc. por Ricardo Agrasot.
260 ## - PUBLICACIÓN, DISTRIBUCIÓN, ETC.
Lugar de publicación, distribución, etc. Madrid :
Nombre del editor, distribuidor, etc. Villanueva y Geltrú,
Fecha de publicación, distribución, etc. 1908 (
Fabricante Oliva)
300 ## - DESCRIPCIÓN FÍSICA
Extensión 1 v. :
Otras características físicas il. ;
Dimensiones 29 cm.
650 07 - PUNTO DE ACCESO ADICIONAL DE MATERIA--TÉRMINO DE MATERIA
Término de materia o nombre geográfico como elemento de entrada Arte egipcio
Fuente del encabezamiento o término embne
9 (RLIN) 10185
852 ## - LOCALIZACIÓN
Ubicación ES-MaACL
Número de control de estantería B-11110
Holdings
Estatus retirado Estado de pérdida Estado de daño No para préstamo Biblioteca de origen Biblioteca actual Ubicación en estantería Fecha de adquisición Fuente de adquisición Total de préstamos Signatura topográfica completa Código de barras Visto por última vez Precio de reemplazo Tipo de ítem Koha
        Biblioteca del Ateneo de Madrid Biblioteca del Ateneo de Madrid Sala Pardo Bazán 17/01/2008     B-11110 1021827 23/02/2023 23/02/2023 Libro impreso